01018na a2200301 450000100060000000300080000600500170001400800410003103500100007204000250008204100080010708200220011509000140013722200070015124500430015824600500020124600150025126000410026630000260030736200260033350000880035950000170044765000450046465100560050994200130056595201210057899900170069921778MIRAKIL20181226092843.0170215b tu n0 0 0  a20919 aMilasbturcTR-AnCHP atur a050b3D 1994-1995 a050 DER 8 a3D a3DbDemokrasi Değişim Dayanışma a3D Demokrasi Değişim Dayanışma dergisi a3D dergisi aAnkarab3D yayıncılık c1994-1995 ac.brnk. res.c28 sm. a1. sayı (Ekim 1994)- aMevcut sayılar: (1) Ekim 1994; (2) Kasım 1994; (3) Aralık 1994; (5) Şubat 1995 aSiyasi dergi aSiyaset ve yönetimxSüreli yayınlar aTürkiyexSiyaset ve yönetimySüreli yayınlar 2ddccSER 51a0001b0001d2017-02-07f SÜRELİ YAYINLARl0o050 DER 120pD008r2017-02-07 00:00:00v0.00w2017-02-07x ySER c11373d11373